000
00262nam a2200109Ia 4500
008
190216s9999||||xx |||||||||||||| ||und||
100
_a
George R Glover&Amp; Glynne Williams
245
0
_a
Elements Of Costing
260
_b
Null
_c
1928
300
_a
250p
942
_c
BK
999
_c
4457
_d
4457